00347pab a2200121 454500008004000000100002900040245008100069260000900150300001000159362000800169650003400177773001400211180718b1985 xxu||||| |||| 00| 0 eng d aSrivastava, Mohan Prasad aPublic undertaking. An important tool of socio - economic structure in India c1985 a59-65 aMay aGovernment Enterprise - India aLok Udyog